| 000 | 00745cab a2200217 4500 | ||
|---|---|---|---|
| 001 | WB3402-02 | ||
| 008 | 090401t1998 xxu||||| |||| 00| 0 eng d | ||
| 035 | _a(Sirsi) u83135 | ||
| 041 | _aeng | ||
| 245 | _aOutput growth falters | ||
| 260 | _c1998 | ||
| 350 | _a0 | ||
| 490 |
_aContract Journal _v392(6158) 14 January 1998, 4(1) |
||
| 520 | _aRecovery in construction workload continues to lose momentum, although total construction output is expected to increase over the next three years, according to the latest report from Construction Forecasting and Research (CFR). | ||
| 650 | _aCONSTRUCTION MARKET | ||
| 650 | _aCONSTRUCTION OUTPUT | ||
| 650 | _aRECOVERY | ||
| 690 | _aBUILT ENVIRONMENT | ||
| 942 | _n0 | ||
| 948 | _c15/01/1998 | ||
| 999 |
_c52512 _d52512 |
||